Biggest Countries by Population F-K - Statistics

General Stats
  • This quiz has been taken 80 times
  • The average score is 15 of 20
Answer Stats
pop (mil) country % Correct
66.67 France
95%
1288.34 India
95%
81.77 Germany
89%
258.71 Indonesia
88%
126.98 Japan
86%
17.71 Kazakhstan
81%
47.25 Kenya
81%
79.21 Iran
80%
36.58 Iraq
74%
9.82 Hungary
73%
60.68 Italy
73%
27.67 Ghana
68%
16.18 Guatemala
65%
12.95 Guinea
64%
8.58 Honduras
64%
9.53 Jordan
61%
8.50 Israel
59%
6.03 Kyrgyzstan
58%
11.08 Haiti
57%
10.85 Greece
53%
No matching quizzes found
Score Distribution
Percent of People with Each Score
Percentile by Number Answered
Your Score History
You have not taken this quiz